Pokémon que evolucionan por piedras - Estadísticas

Estadísticas generales
  • Esta prueba ha sido intentada 105 veces
  • La puntuación promedio es 21 de 48
Estadísticas de respuestas
Pokémon % Correcto
133 Eevee
99%
25 Pikachu
94%
37 Vulpix
81%
37 Vulpix de Alola
81%
44 Gloom
80%
35 Clefairy
78%
58 Growlithe
78%
58 Growlithe de Hisui
78%
30 Nidorina
73%
33 Nidorino
73%
39 Jigglypuff
67%
61 Poliwhirl
67%
70 Weepinbell
64%
27 Sandshrew de Alola
53%
281 Kirlia
51%
102 Exeggcute
47%
120 Staryu
47%
200 Misdreavus
46%
176 Togetic
46%
82 Magneton
44%
91 Shellder
43%
198 Murkrow
41%
191 Sunkern
41%
315 Roselia
40%
100 Voltorb de Hisui
37%
513 Pansear
36%
361 Snorunt
36%
515 Panpour
35%
511 Pansage
35%
271 Lombre
32%
546 Cottonee
30%
608 Lampent
30%
548 Petilil
30%
300 Skitty
28%
299 Nosepass
25%
694 Helioptile
23%
517 Munna
22%
274 Nuzleaf
22%
737 Charjabug
20%
951 Capsakid
17%
554 Darumaka de Galar
16%
670 Floette
16%
603 Eelektrik
15%
739 Crabrawler
14%
572 Minccino
14%
680 Doublade
12%
938 Tadbulb
12%
974 Cetoddle
11%
No se encontraron pruebas coincidentes
Distribución de puntuación
Porcentaje de gente con cada puntuación
Porcentaje por número respondido
Historial de tus puntuaciones
No has intentado esta prueba.